សិក្សាអំពីសុវត្ថិភាពនៃការកាន់កាប់ដីធ្លីរបស់ប្រជាពលរដ្ឋនៅឃុំធម្មតាអរ ស្រុកសំរោងទង ខេត្តកំពង់ស្ពឺ STUDY ON LAND TENURE SECURITY IN THORMDA OR COMMUNE, SAMRONG TONG DISTRICT KAMPONG SPUE PROVINCE (Record no. 24904)

000 -LEADER
fixed length control field 00769nam a22001337a 4500
040 ## - CATALOGING SOURCE
Transcribing agency RUA
082 ## - DEWEY DECIMAL CLASSIFICATION NUMBER
Classification number Library Block B B1.398
100 ## - MAIN ENTRY--AUTHOR NAME
Personal name ម៉ាន់ ស្រីល័ក្ខ MAN SREYLEAK
245 ## - TITLE STATEMENT
Title សិក្សាអំពីសុវត្ថិភាពនៃការកាន់កាប់ដីធ្លីរបស់ប្រជាពលរដ្ឋនៅឃុំធម្មតាអរ ស្រុកសំរោងទង ខេត្តកំពង់ស្ពឺ STUDY ON LAND TENURE SECURITY IN THORMDA OR COMMUNE, SAMRONG TONG DISTRICT KAMPONG SPUE PROVINCE
260 ## - PUBLICATION, DISTRIBUTION, ETC. (IMPRINT)
Place of publication RUA
Name of publisher PHNOM PENH
Year of publication 2024
300 ## - PHYSICAL DESCRIPTION
Number of Pages xi
Other physical details ill
Dimensions 29cm
856 ## - ELECTRONIC LOCATION AND ACCESS
Uniform Resource Identifier https://drive.google.com/file/d/1OxuNNPO3C7k07ETLKci0UTGVTh65wSQj/view?usp=sharing
942 ## - ADDED ENTRY ELEMENTS (KOHA)
Koha item type LMA
952 ## - LOCATION AND ITEM INFORMATION (KOHA)
Withdrawn status [LOCAL, KOHA] 0
952 ## - LOCATION AND ITEM INFORMATION (KOHA)
Withdrawn status [LOCAL, KOHA] 0
Holdings
Koha item type Shelving location Lost status Permanent Location Current Location Date acquired
LMAB1.398 Library Block BLibrary Block B2025-05-12
LMAB1.398 Library Block BLibrary Block B2025-05-12
មជ្ឈមណ្ឌលឯការនៃសាកលវិទ្យាល័យភូមិន្ទកសិកម្មចំការដូង

Powered by Koha